| 000 | 01415cam a2200385 a 4500 | ||
|---|---|---|---|
| 001 | 15540065 | ||
| 003 | NUST | ||
| 005 | 20220529143041.0 | ||
| 008 | 081201s2009 nyu 000 0 eng | ||
| 010 | _a 2008051244 | ||
| 020 | _a9780061143380 (acidfree paper) | ||
| 038 | _aArshad | ||
| 040 |
_aDLC _cDLC |
||
| 041 | 1 |
_aeng _hice |
|
| 043 | _ae-ic--- | ||
| 050 | 0 | 0 |
_aPT7513.Y77 _bM913 2009 |
| 082 | 0 | 0 |
_a839.6935 _bSIG |
| 100 | 1 |
_aYrsa Sigurðardóttir. _98147 |
|
| 240 | 1 | 0 |
_aSér grefur gröf _lEnglish |
| 245 | 1 | 0 |
_aMy soul to take : _ba novel of Iceland / _cYrsa Sigurdardottir ; translated from the Icelandic by Bernard Scudder and Anna Yates. |
| 250 | _a1st U.S. ed. | ||
| 260 |
_aNew York, NY : _bWilliam Morrow, _cc2009. |
||
| 300 |
_a346 p. ; _c24 cm. |
||
| 500 | _aOriginally published as: Sér grefur gröf. Reykjavík : Veröld Pub., 2006. | ||
| 500 | _a"This book was originally published in Iceland in Icelandic in 2006 by Verold Publishing." | ||
| 563 | _aPBK | ||
| 650 | 0 |
_aWomen lawyers _vFiction. _98148 |
|
| 651 | 0 |
_aReykjavík (Iceland) _vFiction. _98149 |
|
| 655 | 7 |
_aSuspense fiction. _2gsafd |
|
| 700 | 1 |
_aScudder, Bernard, _d1954-2007. _98150 |
|
| 700 | 1 |
_aYates, Anna, _d1955- _98151 |
|
| 906 |
_a7 _bcbc _corignew _d1 _eecip _f20 _gy-gencatlg |
||
| 942 |
_2ddc _cBK |
||
| 999 |
_c590054 _d590054 |
||